<?xml version="1.0" encoding="UTF-8"?>
<record
    xmlns:xsi="http://www.w3.org/2001/XMLSchema-instance"
    xsi:schemaLocation="http://www.loc.gov/MARC21/slim http://www.loc.gov/standards/marcxml/schema/MARC21slim.xsd"
    xmlns="http://www.loc.gov/MARC21/slim">

  <leader>00276nam a22001337a 4500</leader>
  <controlfield tag="003">SGT</controlfield>
  <datafield tag="082" ind1=" " ind2=" ">
    <subfield code="a">615.53</subfield>
    <subfield code="b">P11V</subfield>
  </datafield>
  <datafield tag="100" ind1=" " ind2=" ">
    <subfield code="a">VIDYANATH, R</subfield>
  </datafield>
  <datafield tag="245" ind1=" " ind2=" ">
    <subfield code="a">PANCHAKARMA</subfield>
  </datafield>
  <datafield tag="260" ind1=" " ind2=" ">
    <subfield code="a">VARANSI</subfield>
    <subfield code="b">CHAUKHAMBHA PUB</subfield>
    <subfield code="c">2011</subfield>
  </datafield>
  <datafield tag="300" ind1=" " ind2=" ">
    <subfield code="a">264</subfield>
  </datafield>
  <datafield tag="650" ind1=" " ind2=" ">
    <subfield code="a">AYURVEDA</subfield>
  </datafield>
  <datafield tag="942" ind1=" " ind2=" ">
    <subfield code="2">ddc</subfield>
    <subfield code="c">BK</subfield>
    <subfield code="0">4</subfield>
  </datafield>
  <datafield tag="952" ind1=" " ind2=" ">
    <subfield code="0">0</subfield>
    <subfield code="1">0</subfield>
    <subfield code="2">ddc</subfield>
    <subfield code="4">0</subfield>
    <subfield code="7">0</subfield>
    <subfield code="8">FA</subfield>
    <subfield code="a">APL</subfield>
    <subfield code="b">APL</subfield>
    <subfield code="c">TXT</subfield>
    <subfield code="d">2017-04-15</subfield>
    <subfield code="e">CHAUKHAMBHA PUB</subfield>
    <subfield code="g">200.00</subfield>
    <subfield code="i">SGTU</subfield>
    <subfield code="l">2</subfield>
    <subfield code="o">615.53 P11V</subfield>
    <subfield code="p">FA6436</subfield>
    <subfield code="r">2023-04-17 00:00:00</subfield>
    <subfield code="s">2023-04-17</subfield>
    <subfield code="w">2017-04-06</subfield>
    <subfield code="y">BK</subfield>
    <subfield code="k">55/17-18</subfield>
  </datafield>
  <datafield tag="952" ind1=" " ind2=" ">
    <subfield code="0">0</subfield>
    <subfield code="1">0</subfield>
    <subfield code="2">ddc</subfield>
    <subfield code="4">0</subfield>
    <subfield code="7">0</subfield>
    <subfield code="8">FA</subfield>
    <subfield code="a">APL</subfield>
    <subfield code="b">APL</subfield>
    <subfield code="c">TXT</subfield>
    <subfield code="d">2017-04-15</subfield>
    <subfield code="e">CHAUKHAMBHA PUB</subfield>
    <subfield code="g">200.00</subfield>
    <subfield code="i">SGTU</subfield>
    <subfield code="l">4</subfield>
    <subfield code="o">615.53 P11V</subfield>
    <subfield code="p">FA6437</subfield>
    <subfield code="r">2025-08-11 00:00:00</subfield>
    <subfield code="s">2025-08-08</subfield>
    <subfield code="w">2017-04-06</subfield>
    <subfield code="y">BK</subfield>
    <subfield code="k">55/17-18</subfield>
  </datafield>
  <datafield tag="952" ind1=" " ind2=" ">
    <subfield code="0">0</subfield>
    <subfield code="1">0</subfield>
    <subfield code="2">ddc</subfield>
    <subfield code="4">0</subfield>
    <subfield code="7">0</subfield>
    <subfield code="8">FA</subfield>
    <subfield code="a">APL</subfield>
    <subfield code="b">APL</subfield>
    <subfield code="c">TXT</subfield>
    <subfield code="d">2017-04-15</subfield>
    <subfield code="e">CHAUKHAMBHA PUB</subfield>
    <subfield code="g">200.00</subfield>
    <subfield code="i">SGTU</subfield>
    <subfield code="l">0</subfield>
    <subfield code="o">615.53 P11V</subfield>
    <subfield code="p">FA6438</subfield>
    <subfield code="r">2017-04-15 00:00:00</subfield>
    <subfield code="w">2017-04-06</subfield>
    <subfield code="y">BK</subfield>
    <subfield code="k">55/17-18</subfield>
  </datafield>
  <datafield tag="999" ind1=" " ind2=" ">
    <subfield code="c">11494</subfield>
    <subfield code="d">11494</subfield>
  </datafield>
</record>
